[Event "XII. DBMM Schach"]
[Site "Berlin"]
[Date "2012.10.13"]
[Round "6.4"]
[White "Warnest, Stefan"]
[Black "Baranowsky, Peter"]
[Result "1/2-1/2"]
[WhiteElo "1470"]
[BlackElo "1886"]
[Annotator "br"]
[PlyCount "48"]
[EventDate "2012.??.??"]
[Source "FV Schach e.V."]
[SourceDate "2012.10.14"]
[WhiteTeam "BA Berlin Tempelhof III"]
[BlackTeam "BA Berlin Tempelhof"]
[WhiteTeamCountry "GER"]
[BlackTeamCountry "GER"]

1. e4 c6 2. d4 d5 3. Nc3 dxe4 4. Nxe4 Bf5 5. Ng3 Bg6 6. h4 h6 7. Nf3 Nd7 8. h5
Bh7 9. Bd3 Bxd3 10. Qxd3 Qc7 11. Bd2 e6 12. O-O-O Ngf6 13. Ne4 Nxe4 14. Qxe4
Nf6 15. Qd3 Bd6 16. g3 O-O-O 17. c4 Rhe8 18. Bc3 c5 19. Kb1 Kb8 20. Qe2 Ka8 21.
dxc5 Qxc5 22. Nd4 Bb8 23. g4 a6 24. Nb3 Qc6 1/2-1/2

[Event "XII. DBMM Schach"]
[Site "Berlin"]
[Date "2012.10.13"]
[Round "6.1"]
[White "Welz, Peter"]
[Black "Lipp, Hubert"]
[Result "1-0"]
[WhiteElo "2057"]
[BlackElo "2064"]
[Annotator "br"]
[PlyCount "79"]
[EventDate "2012.??.??"]
[Source "FV Schach e.V."]
[SourceDate "2012.10.14"]
[WhiteTeam "Deutsche Bahn/BSW Berlin"]
[BlackTeam "R+V Vers. Wiesbaden II"]
[WhiteTeamCountry "GER"]
[BlackTeamCountry "GER"]

1. e4 e5 2. Nf3 Nf6 3. Qe2 Nc6 4. g3 Bc5 5. Bg2 d6 6. h3 h6 7. c3 a5 8. a4 Be6
9. O-O Qd7 10. Kh2 g5 11. Ng1 h5 12. d3 Ng4+ 13. Kh1 f6 14. f3 Nh6 15. Be3
O-O-O 16. Na3 h4 17. g4 Bb3 18. Nb5 Bxe3 19. Qxe3 d5 20. Ra3 d4 21. Qe1 Be6 22.
b4 dxc3 23. bxa5 Nd4 24. Qxc3 Nxb5 25. axb5 Qxb5 26. Rc1 Rh7 27. Bf1 Rd6 28.
Qa1 Qd7 29. a6 Rxa6 30. Rxa6 bxa6 31. Qxa6+ Kd8 32. d4 exd4 33. Bb5 Qc8 34. Qa7
Ng8 35. Qa3 Ne7 36. Ne2 Bd7 37. Nxd4 Bxb5 38. Nxb5 c6 39. Rd1+ Nd5 40. Nd6 1-0

[Event "XII. DBMM Schach"]
[Site "Berlin"]
[Date "2012.10.13"]
[Round "6.2"]
[White "Leidorf, Sebastian"]
[Black "Rollwitz, Juergen"]
[Result "1/2-1/2"]
[WhiteElo "2051"]
[BlackElo "1841"]
[Annotator "br"]
[PlyCount "120"]
[EventDate "2012.??.??"]
[Source "FV Schach e.V."]
[SourceDate "2012.10.14"]
[WhiteTeam "R+V Vers. Wiesbaden II"]
[BlackTeam "Deutsche Bahn/BSW Berlin"]
[WhiteTeamCountry "GER"]
[BlackTeamCountry "GER"]

1. c4 d6 2. g3 g6 3. Bg2 Bg7 4. Nc3 c6 5. d4 e5 6. dxe5 dxe5 7. Qxd8+ Kxd8 8.
b3 Be6 9. Bb2 Nf6 10. Nf3 Nbd7 11. Rd1 Kc7 12. Ng5 Rhe8 13. O-O Rad8 14. Nxe6+
Rxe6 15. e3 Rd6 16. Rxd6 Kxd6 17. Ba3+ Kc7 18. Rd1 Bf8 19. Bb2 Be7 20. Bh3 b6
21. Kf1 Kb7 22. Bg2 Kc7 23. Ke2 Ne8 24. f4 f6 25. a3 exf4 26. exf4 Nb8 27. Rxd8
Kxd8 28. b4 c5 29. Nd5 Nd7 30. g4 Nc7 31. Nxe7 Kxe7 32. Be4 Ne6 33. Ke3 Ndf8
34. h4 Nd7 35. Bc3 Nc7 36. Bc6 Ne8 37. Bb2 f5 38. Bf3 Nef6 39. g5 Ne8 40. h5
Nc7 41. h6 Kd6 42. Bg7 Ke7 43. Bc6 Ne6 44. Bc3 Nd8 45. Bd5 Ne6 46. Kf3 Kd6 47.
Bf6 a5 48. bxa5 bxa5 49. Bc3 Nb6 50. Bxa5 Nxd5 51. cxd5 Kxd5 52. Ke3 Kc4 53.
Bd2 Kb3 54. Bc1 c4 55. Ke2 Nd4+ 56. Ke3 Nc2+ 57. Kd2 Nd4 58. Ke3 Ne6 59. Ke2
Nc7 60. Ke3 Nb5 1/2-1/2

[Event "XII. DBMM Schach"]
[Site "Berlin"]
[Date "2012.10.13"]
[Round "6.3"]
[White "Pitt, Wolfgang"]
[Black "Launert, Martin"]
[Result "1/2-1/2"]
[WhiteElo "1877"]
[BlackElo "1884"]
[Annotator "br"]
[PlyCount "27"]
[EventDate "2012.??.??"]
[Source "FV Schach e.V."]
[SourceDate "2012.10.14"]
[WhiteTeam "Deutsche Bahn/BSW Berlin"]
[BlackTeam "R+V Vers. Wiesbaden II"]
[WhiteTeamCountry "GER"]
[BlackTeamCountry "GER"]

1. c4 Nf6 2. Nc3 c6 3. e4 d6 4. g3 e5 5. Bg2 Be7 6. Nge2 Nbd7 7. d3 O-O 8. O-O
Nc5 9. h3 h6 10. f4 Nh7 11. f5 Bg5 12. b4 Bxc1 13. Rxc1 Nd7 14. Kh2 1/2-1/2

[Event "XII. DBMM Schach"]
[Site "Berlin"]
[Date "2012.10.13"]
[Round "6.4"]
[White "Finkhaeuser, Jens"]
[Black "Albinus, Guenter"]
[Result "1/2-1/2"]
[WhiteElo "1706"]
[BlackElo "1781"]
[Annotator "br"]
[PlyCount "49"]
[EventDate "2012.??.??"]
[Source "FV Schach e.V."]
[SourceDate "2012.10.14"]
[WhiteTeam "R+V Vers. Wiesbaden II"]
[BlackTeam "Deutsche Bahn/BSW Berlin"]
[WhiteTeamCountry "GER"]
[BlackTeamCountry "GER"]

1. c4 Nf6 2. g3 c6 3. Bg2 d5 4. b3 Bf5 5. Nf3 h6 6. O-O e6 7. d4 Be7 8. Bf4 O-O
9. Nc3 Ne4 10. Nxe4 Bxe4 11. cxd5 Qxd5 12. Be3 Na6 13. Ne1 Bxg2 14. Nxg2 e5 15.
dxe5 Qxe5 16. Nf4 Rfd8 17. Nd3 Qe6 18. Qc2 Nc7 19. Nf4 Qe5 20. Rad1 Nd5 21.
Nxd5 Rxd5 22. Rxd5 Qxd5 23. Rd1 Qe6 24. Rd3 Kf8 25. Qd2 1/2-1/2

[Event "XII. DBMM Schach"]
[Site "Berlin"]
[Date "2012.10.13"]
[Round "6.1"]
[White "Britze, Jan"]
[Black "Gebert Vangeel, Ralf"]
[Result "0-1"]
[WhiteElo "1742"]
[BlackElo "1971"]
[Annotator "br"]
[PlyCount "80"]
[EventDate "2012.??.??"]
[Source "FV Schach e.V."]
[SourceDate "2012.10.14"]
[WhiteTeam "RBB Berlin"]
[BlackTeam "SV OSRAM Berlin II"]
[WhiteTeamCountry "GER"]
[BlackTeamCountry "GER"]

1. e4 e5 2. Nf3 Nc6 3. Bb5 a6 4. Ba4 Nf6 5. O-O Nxe4 6. Re1 Nc5 7. Bxc6 dxc6 8.
Nxe5 Ne6 9. d4 Be7 10. Be3 O-O 11. c3 f6 12. Nd3 b5 13. Nd2 Kh8 14. Nf1 Bd6 15.
Qc2 f5 16. Rad1 f4 17. Bc1 Qh4 18. f3 c5 19. Ne5 Ng5 20. Qf2 Qh5 21. Kh1 cxd4
22. cxd4 Bb7 23. Nd2 Rad8 24. Kg1 c5 25. h4 Ne6 26. Nc6 Bxc6 27. Rxe6 Bd5 28.
Rxd6 Rxd6 29. dxc5 Re6 30. b4 Rfe8 31. Bb2 Re2 32. Qd4 Qg6 33. g4 Bxf3 34.
Qxg7+ Qxg7 35. Bxg7+ Kxg7 36. Nxf3 R8e3 37. Rd7+ Kf8 38. Nd4 Rxa2 39. Rd8+ Kf7
40. Rd7+ Ke8 0-1

[Event "XII. DBMM Schach"]
[Site "Berlin"]
[Date "2012.10.13"]
[Round "6.2"]
[White "Mayer, Herbert"]
[Black "Schastok, Erwin"]
[Result "1-0"]
[WhiteElo "1839"]
[BlackElo "1667"]
[Annotator "br"]
[PlyCount "126"]
[EventDate "2012.??.??"]
[Source "FV Schach e.V."]
[SourceDate "2012.10.14"]
[WhiteTeam "SV OSRAM Berlin II"]
[BlackTeam "RBB Berlin"]
[WhiteTeamCountry "GER"]
[BlackTeamCountry "GER"]

1. b3 c5 2. f4 Nf6 3. e3 Nc6 4. Nf3 d5 5. Bb5 Bd7 6. Bb2 e6 7. O-O a6 8. Bxc6
bxc6 9. d3 Be7 10. Nbd2 O-O 11. Ne5 Be8 12. Qe1 d4 13. e4 Nh5 14. Ndc4 f6 15.
Ng4 Qc7 16. e5 f5 17. Nf2 Nxf4 18. Bc1 Ng6 19. Nh3 Qd8 20. Bd2 Rb8 21. Ba5 Qd5
22. Nf4 Nxf4 23. Rxf4 Qd7 24. Qe2 Bg5 25. Rf2 Bg6 26. Kh1 Rb5 27. a4 Rb7 28. g3
Qd5+ 29. Qf3 f4 30. Nd6 fxg3 31. Qxd5 cxd5 32. Rxf8+ Kxf8 33. Nxb7 gxh2 34.
Nxc5 Ke7 35. Rf1 h5 36. Be1 Be3 37. Bh4+ Ke8 38. Nxe6 Bh6 39. Nc7+ Kd7 40. Nxd5
a5 41. Nf4 Be8 42. e6+ Kd6 43. Bg3 g5 44. Nxh5+ Ke7 45. Nf6 Bc6+ 46. Kxh2 Kxe6
47. Ng4 Bg7 48. Be1 Bd7 49. Bxa5 Kd6 50. Bb4+ Kc6 51. Nf6 Be6 52. Re1 Bc8 53.
Ne8 Bh8 54. Nd6 Bd7 55. Nf7 Bf6 56. Ne5+ Bxe5+ 57. Rxe5 g4 58. Rc5+ Kd6 59. a5
Ke6 60. a6 Kf6 61. a7 Bf5 62. a8=Q Kg5 63. Qg8+ Kh4 1-0

[Event "XII. DBMM Schach"]
[Site "Berlin"]
[Date "2012.10.13"]
[Round "6.3"]
[White "Kersten, Martin"]
[Black "Mueller, Gerd"]
[Result "1-0"]
[WhiteElo "1760"]
[BlackElo "1854"]
[Annotator "br"]
[PlyCount "61"]
[EventDate "2012.??.??"]
[Source "FV Schach e.V."]
[SourceDate "2012.10.14"]
[WhiteTeam "RBB Berlin"]
[BlackTeam "SV OSRAM Berlin II"]
[WhiteTeamCountry "GER"]
[BlackTeamCountry "GER"]

1. e4 c5 2. Nf3 d6 3. d4 cxd4 4. Nxd4 a6 5. Nc3 Bd7 6. Bc4 e6 7. Be3 Be7 8. f3
Nf6 9. Bb3 Nc6 10. Qd2 Na5 11. O-O-O b5 12. Kb1 Nc4 13. Qe2 Nxe3 14. Qxe3 b4
15. Nce2 O-O 16. e5 Ne8 17. exd6 Nxd6 18. Nf4 Bg5 19. g3 Qb6 20. Qd3 Bb5 21.
Nxb5 Nxb5 22. Qe4 Rad8 23. Qxb4 a5 24. Qe4 Rd4 25. Qe2 Rfd8 26. Rxd4 Rxd4 27.
a4 Rxa4 28. Nd5 Qb8 29. Bxa4 Na3+ 30. Ka2 exd5 31. bxa3 1-0

[Event "XII. DBMM Schach"]
[Site "Berlin"]
[Date "2012.10.13"]
[Round "6.4"]
[White "Schlittermann, Wolfgang"]
[Black "Borchert, Peter"]
[Result "1/2-1/2"]
[WhiteElo "1756"]
[BlackElo "1550"]
[Annotator "br"]
[PlyCount "166"]
[EventDate "2012.??.??"]
[Source "FV Schach e.V."]
[SourceDate "2012.10.14"]
[WhiteTeam "SV OSRAM Berlin II"]
[BlackTeam "RBB Berlin"]
[WhiteTeamCountry "GER"]
[BlackTeamCountry "GER"]

1. Nf3 Nf6 2. c4 e6 3. Nc3 d5 4. cxd5 exd5 5. e3 Be7 6. Qa4+ c6 7. a3 O-O 8. h3
Nbd7 9. d4 b5 10. Qc2 a6 11. Bd3 c5 12. dxc5 Nxc5 13. b4 Nxd3+ 14. Qxd3 Bb7 15.
O-O Rc8 16. Bb2 Rc4 17. Rac1 Qb8 18. Ne2 Ne4 19. Ne5 Rxc1 20. Rxc1 Qd6 21. Nf3
f6 22. Nfd4 Qd7 23. Nf3 Bd6 24. Nd2 Ng5 25. f4 Nf7 26. Nd4 Bb8 27. Qf5 Qe7 28.
Qe6 Qd8 29. Qg4 Bc8 30. Ne6 Bxe6 31. Qxe6 Qd6 32. Qxd6 Nxd6 33. Rc6 Nc4 34.
Nxc4 dxc4 35. Rxa6 Rd8 36. Ra8 Kf7 37. Bd4 g5 38. g3 h5 39. Ra6 Rd6 40. Ra5
gxf4 41. gxf4 Rxd4 42. exd4 c3 43. Rxb5 Bd6 44. Rb6 Bxf4 45. Rc6 Be3+ 46. Kf1
Bxd4 47. Ke2 Ke7 48. Rc4 Be5 49. Kd3 Ke6 50. Rh4 f5 51. Rxh5 f4 52. Rg5 Kf6 53.
Rxe5 Kxe5 54. Kxc3 Ke4 55. Kd2 Kf3 56. b5 Kg2 57. b6 f3 58. b7 f2 59. b8=Q f1=Q
60. Qg8+ Kh2 61. Qg4 Qa1 62. Qf4+ Kxh3 63. Qe3+ Kg4 64. Qc3 Qa2+ 65. Kc1 Qd5
66. Kb2 Kf5 67. Qh3+ Kf6 68. Qh8+ Kf7 69. Qh7+ Ke8 70. Qg6+ Kd8 71. Qf6+ Kd7
72. Qg7+ Kc8 73. Qc3+ Kd7 74. Qh3+ Kd8 75. Qh4+ Kd7 76. Qg4+ Kd8 77. Qb4 Qe5+
78. Kb3 Qe3+ 79. Ka4 Qe8+ 80. Ka5 Qe5+ 81. Ka6 Qe6+ 82. Ka7 Qd7+ 83. Ka8 Qc6+
1/2-1/2

[Event "XII. DBMM Schach"]
[Site "Berlin"]
[Date "2012.10.13"]
[Round "6.1"]
[White "Behrendt, Clemens"]
[Black "Vollbrecht, Lars"]
[Result "1-0"]
[WhiteElo "2079"]
[BlackElo "1838"]
[Annotator "br"]
[PlyCount "37"]
[EventDate "2012.??.??"]
[Source "FV Schach e.V."]
[SourceDate "2012.10.14"]
[WhiteTeam "W&W Wuestenrot&Württemb. Stuttg."]
[BlackTeam "Deutsche Telekom Berlin"]
[WhiteTeamCountry "GER"]
[BlackTeamCountry "GER"]

1. Nf3 d5 2. g3 Nf6 3. Bg2 Bf5 4. c4 c6 5. Qb3 Qd7 6. Ne5 Qc7 7. d4 dxc4 8.
Qxc4 Be6 9. Qc2 g6 10. O-O Bg7 11. Bf4 Qb6 12. Rd1 Nd5 13. Bc1 Nd7 14. Nc4 Qa6
15. Nba3 Nb4 16. Qd2 Nxa2 17. d5 Nxc1 18. dxe6 Nb3 19. Qxd7+ 1-0

[Event "XII. DBMM Schach"]
[Site "Berlin"]
[Date "2012.10.13"]
[Round "6.2"]
[White "Radjenovic, Branko"]
[Black "Uhlarz, Joerg"]
[Result "1-0"]
[WhiteElo "1810"]
[BlackElo "1780"]
[Annotator "br"]
[PlyCount "99"]
[EventDate "2012.??.??"]
[Source "FV Schach e.V."]
[SourceDate "2012.10.14"]
[WhiteTeam "Deutsche Telekom Berlin"]
[BlackTeam "W&W Wuestenrot&Württemb. Stuttg."]
[WhiteTeamCountry "GER"]
[BlackTeamCountry "GER"]

1. d4 f5 2. Nf3 Nf6 3. c4 e6 4. Nc3 d5 5. e3 Be7 6. Ne5 O-O 7. Be2 Nbd7 8. cxd5
exd5 9. Qb3 c6 10. Nd3 a5 11. Na4 b5 12. Nac5 Nxc5 13. Nxc5 Qe8 14. Nd3 Ba6 15.
a3 Ne4 16. f3 Nd6 17. Ne5 Bf6 18. f4 Bh4+ 19. g3 Be7 20. Bd2 a4 21. Qc2 Nc4 22.
Bxc4 bxc4 23. Bc3 Bb5 24. O-O Ra6 25. Qg2 Qa8 26. Rad1 Rd8 27. g4 Qc8 28. Rf3
fxg4 29. Nxg4 Rd6 30. Ne5 Rh6 31. Rg3 Bf6 32. Rd2 Ra7 33. Rf2 Qf5 34. Qf3 Ba6
35. Rg5 Qb1+ 36. Kg2 Bc8 37. Rh5 Bf5 38. Qe2 Qe4+ 39. Kg1 Bh3 40. Rxh6 gxh6 41.
Rf3 Qf5 42. Rg3+ Kh8 43. Nxc6 Rb7 44. Kf2 Bg7 45. Qd1 Qc8 46. Nb4 Bf6 47. Qh5
Be6 48. Nxd5 Bf7 49. Qxh6 Bh4 50. Qg7# 1-0

[Event "XII. DBMM Schach"]
[Site "Berlin"]
[Date "2012.10.13"]
[Round "6.3"]
[White "Liebersbach, Siegmund"]
[Black "Piotrowski, Roger"]
[Result "1/2-1/2"]
[WhiteElo "1726"]
[BlackElo "1741"]
[Annotator "br"]
[PlyCount "78"]
[EventDate "2012.??.??"]
[Source "FV Schach e.V."]
[SourceDate "2012.10.14"]
[WhiteTeam "W&W Wuestenrot&Württemb. Stuttg."]
[BlackTeam "Deutsche Telekom Berlin"]
[WhiteTeamCountry "GER"]
[BlackTeamCountry "GER"]

1. e4 c5 2. Nf3 d6 3. d4 cxd4 4. Nxd4 Nf6 5. Nc3 g6 6. Bc4 Bg7 7. f3 O-O 8. Be3
Nc6 9. Qd2 Ne5 10. Bb3 a6 11. O-O-O b5 12. Bh6 Qb6 13. Bxg7 Kxg7 14. g4 Nc4 15.
Bxc4 bxc4 16. Nd5 Nxd5 17. exd5 e5 18. dxe6 fxe6 19. Qc3 e5 20. Ne2 Qc5 21.
Rhf1 Kg8 22. h3 Bb7 23. Ng3 Rf4 24. Ne2 Rf7 25. f4 e4 26. Nd4 Re8 27. f5 Bc8
28. fxg6 hxg6 29. Qe3 Rxf1 30. Rxf1 Qe5 31. Rf4 d5 32. c3 a5 33. Nc6 Qc7 34.
Rf6 Qg7 35. Qg5 Re6 36. Rxe6 Bxe6 37. Ne7+ Kh7 38. Nxd5 Bxd5 39. Qxd5 Qh6+
1/2-1/2

[Event "XII. DBMM Schach"]
[Site "Berlin"]
[Date "2012.10.13"]
[Round "6.4"]
[White "Fischer, Elmar"]
[Black "Peck, Malcolm"]
[Result "1-0"]
[WhiteElo "1665"]
[BlackElo "1694"]
[Annotator "br"]
[PlyCount "138"]
[EventDate "2012.??.??"]
[Source "FV Schach e.V."]
[SourceDate "2012.10.14"]
[WhiteTeam "Deutsche Telekom Berlin"]
[BlackTeam "W&W Wuestenrot&Württemb. Stuttg."]
[WhiteTeamCountry "GER"]
[BlackTeamCountry "GER"]

1. e4 c5 2. Bc4 Nc6 3. Nf3 d6 4. c3 Nf6 5. d3 e6 6. O-O Be7 7. Re1 O-O 8. h3
Na5 9. Bb5 a6 10. Ba4 b5 11. Bc2 Bb7 12. Bf4 Nc6 13. Nbd2 e5 14. Bh2 Kh8 15.
Nf1 h6 16. Ne3 Bc8 17. d4 exd4 18. cxd4 Nb4 19. Bb1 Nh7 20. e5 Bb7 21. Nf5 Bxf3
22. Qxf3 d5 23. Nd6 Ng5 24. Qh5 cxd4 25. f4 Bxd6 26. fxg5 Qxg5 27. Qxg5 hxg5
28. exd6 d3 29. Rd1 Nc2 30. Bxc2 dxc2 31. Rd2 Rac8 32. Rc1 f5 33. Rdxc2 Rc4 34.
Rxc4 bxc4 35. Rd1 f4 36. Rxd5 Rd8 37. Kf1 Kh7 38. Bg1 Kg6 39. Bc5 Kf6 40. Kf2
g6 41. g3 g4 42. hxg4 Ke6 43. Rd4 fxg3+ 44. Kxg3 Rb8 45. d7 Rd8 46. Rd6+ Ke5
47. Rxg6 Rxd7 48. Rxa6 Rd3+ 49. Kh4 Rd2 50. Rb6 Kf4 51. Rf6+ Ke4 52. Rf2 Rd5
53. Bb4 Ke3 54. Rf5 Rd8 55. Bc3 Ke4 56. Rh5 Rd1 57. Re5+ Kf4 58. Rf5+ Ke4 59.
Kg5 Rd6 60. Rf4+ Kd3 61. Kh5 Ke3 62. Rf5 Ra6 63. a3 Ke4 64. Re5+ Kf4 65. g5 Ra8
66. Re6 Rg8 67. Rf6+ Kg3 68. Rf7 Kh3 69. g6 Ra8 1-0

[Event "XII. DBMM Schach"]
[Site "Berlin"]
[Date "2012.10.13"]
[Round "6.1"]
[White "Hamann, Martin"]
[Black "Kaliski, Achim"]
[Result "1-0"]
[WhiteElo "1891"]
[BlackElo "2001"]
[Annotator "br"]
[PlyCount "87"]
[EventDate "2012.??.??"]
[Source "FV Schach e.V."]
[SourceDate "2012.10.14"]
[WhiteTeam "Bayer Berlin"]
[BlackTeam "Baubehoerde Hamburg II"]
[WhiteTeamCountry "GER"]
[BlackTeamCountry "GER"]

1. e4 e5 2. d4 exd4 3. c3 dxc3 4. Bc4 cxb2 5. Bxb2 d5 6. Bxd5 Nf6 7. Bxf7+ Kxf7
8. Qxd8 Bb4+ 9. Qd2 Bxd2+ 10. Nxd2 Nc6 11. Ngf3 Re8 12. O-O h6 13. e5 Nd5 14.
Rfd1 Bf5 15. a4 Ndb4 16. Nc4 Rad8 17. Ne3 Be4 18. Nd2 Bd3 19. Ndc4 Be2 20. Rxd8
Rxd8 21. e6+ Kf8 22. Ba3 Rd4 23. Rb1 Bxc4 24. Bxb4+ Ke8 25. Bc3 Re4 26. Nxc4
Rxc4 27. Bxg7 Na5 28. Bxh6 Rxa4 29. f4 b6 30. Rd1 Nb3 31. Rd7 Nc5 32. Rxc7 Nxe6
33. Rb7 Nc5 34. Rc7 Nd3 35. g3 Ra2 36. f5 Ne5 37. f6 Nf3+ 38. Kf1 Nxh2+ 39. Ke1
Ra1+ 40. Ke2 Ra2+ 41. Kd3 Rf2 42. Re7+ Kd8 43. Bg5 Nf3 44. Ke3 1-0

[Event "XII. DBMM Schach"]
[Site "Berlin"]
[Date "2012.10.13"]
[Round "6.2"]
[White "Raum, Norbert"]
[Black "Lehmann, Lutz"]
[Result "0-1"]
[WhiteElo "1869"]
[BlackElo "1802"]
[Annotator "br"]
[PlyCount "96"]
[EventDate "2012.??.??"]
[Source "FV Schach e.V."]
[SourceDate "2012.10.14"]
[WhiteTeam "Baubehoerde Hamburg II"]
[BlackTeam "Bayer Berlin"]
[WhiteTeamCountry "GER"]
[BlackTeamCountry "GER"]

1. d4 Nf6 2. Bg5 d5 3. e3 Nbd7 4. c4 g6 5. Nc3 dxc4 6. Bxc4 Bg7 7. Nf3 O-O 8.
O-O h6 9. Bh4 Nb6 10. Bb3 g5 11. Bg3 Bg4 12. Be5 Nbd7 13. Bxf6 Nxf6 14. Bc4 Rc8
15. Be2 Bf5 16. Bd3 Bg4 17. h3 Bh5 18. g4 Bg6 19. Bxg6 fxg6 20. Ne5 Kh7 21. Qd3
Qe8 22. f4 Nd7 23. Ne4 gxf4 24. exf4 Nxe5 25. fxe5 Qd7 26. Qc4 b6 27. Rxf8 Rxf8
28. Rf1 Rxf1+ 29. Kxf1 Qd8 30. Ke2 c5 31. dxc5 Bxe5 32. Qf7+ Bg7 33. cxb6 Qxb6
34. Nc3 Qd6 35. Nd5 Qh2+ 36. Ke1 Qg3+ 37. Kd2 Qg2+ 38. Kd1 Qg1+ 39. Kc2 Qg2+
40. Kd3 Qg3+ 41. Kc4 Qe5 42. Nxe7 Qd4+ 43. Kb3 Qb6+ 44. Ka3 Qxb2+ 45. Ka4 Qd4+
46. Kb5 Qd7+ 47. Ka6 Qa4+ 48. Kb7 Qd7+ {Rest unleserlich.} 0-1

[Event "XII. DBMM Schach"]
[Site "Berlin"]
[Date "2012.10.13"]
[Round "6.3"]
[White "Duric, Rajko"]
[Black "Hoffeins, Hans-Werner"]
[Result "1-0"]
[WhiteElo "1694"]
[BlackElo "1791"]
[Annotator "br"]
[PlyCount "105"]
[EventDate "2012.??.??"]
[Source "FV Schach e.V."]
[SourceDate "2012.10.14"]
[WhiteTeam "Bayer Berlin"]
[BlackTeam "Baubehoerde Hamburg II"]
[WhiteTeamCountry "GER"]
[BlackTeamCountry "GER"]

1. e4 d6 2. d4 Nf6 3. Nc3 Nbd7 4. f3 c6 5. Be3 e5 6. Nge2 g6 7. g3 Bg7 8. Qd2
Qc7 9. O-O-O a5 10. dxe5 Nxe5 11. Ng1 Ke7 12. h3 Be6 13. f4 Nc4 14. Bxc4 Bxc4
15. b3 Be6 16. Nf3 b5 17. e5 dxe5 18. Bc5+ Ke8 19. Bd6 Qb7 20. Bxe5 b4 21. Bxf6
Bxf6 22. Ne4 Be7 23. Nd6+ Bxd6 24. Qxd6 Qc8 25. Ng5 Ra7 26. Qe5 Rg8 27. Nxh7
Qc7 28. Nf6+ Kf8 29. Nh7+ Ke8 30. Nf6+ Kf8 31. Qc5+ Kg7 32. Nxg8 Kxg8 33. Rd8+
Qxd8 34. Qxa7 Qf6 35. Qb8+ Kh7 36. Qe5 Qe7 37. Re1 Qa7 38. Rd1 a4 39. bxa4 Qxa4
40. Rd8 Qa3+ 41. Kd1 Qf3+ 42. Kc1 Qa3+ 43. Kd2 Qc3+ 44. Qxc3 bxc3+ 45. Kxc3
Bxa2 46. Kd4 Kg7 47. Kc5 Bb1 48. c4 Be4 49. Rd6 Bg2 50. h4 Kh6 51. Rxc6 f5 52.
Re6 Kh5 53. Kd4 1-0

[Event "XII. DBMM Schach"]
[Site "Berlin"]
[Date "2012.10.13"]
[Round "6.4"]
[White "Hein, Andrea"]
[Black "Harre, Michael"]
[Result "0-1"]
[WhiteElo "1470"]
[BlackElo "1409"]
[Annotator "br"]
[PlyCount "60"]
[EventDate "2012.??.??"]
[Source "FV Schach e.V."]
[SourceDate "2012.10.14"]
[WhiteTeam "Baubehoerde Hamburg II"]
[BlackTeam "Bayer Berlin"]
[WhiteTeamCountry "GER"]
[BlackTeamCountry "GER"]

1. d4 d5 2. c4 e6 3. Nc3 Nf6 4. Bg5 Bb4 5. Rc1 h6 6. Bh4 c6 7. a3 Be7 8. Nf3
Nbd7 9. e3 Ne4 10. Bxe7 Qxe7 11. Be2 O-O 12. O-O b6 13. cxd5 exd5 14. h3 Bb7
15. Re1 Rad8 16. Qc2 Rfe8 17. Bd3 f6 18. Qe2 Rc8 19. Nh4 Qe6 20. Qf3 Nf8 21.
Qf5 Qxf5 22. Nxf5 Rcd8 23. Re2 Bc8 24. Nh4 Nh7 25. Nf3 Rd6 26. Rd1 Rde6 27.
Nxe4 dxe4 28. Bc4 exf3 29. gxf3 Ng5 30. Bxe6+ Bxe6 0-1

[Event "XII. DBMM Schach"]
[Site "Berlin"]
[Date "2012.10.13"]
[Round "6.2"]
[White "Aab, Manfred"]
[Black "Sagol, Buelent Erol"]
[Result "0-1"]
[WhiteElo "1802"]
[BlackElo "1541"]
[Annotator "br"]
[PlyCount "50"]
[EventDate "2012.??.??"]
[Source "FV Schach e.V."]
[SourceDate "2012.10.14"]
[WhiteTeam "SG Stern Stuttgart II"]
[BlackTeam "Team DBMM Berlin"]
[WhiteTeamCountry "GER"]
[BlackTeamCountry "GER"]

1. d4 d5 2. e4 c6 3. exd5 cxd5 4. c4 dxc4 5. Bxc4 e6 6. Nf3 Bb4+ 7. Nc3 Bxc3+
8. bxc3 Qc7 9. Qd3 Ne7 10. O-O O-O 11. Bb3 b6 12. Bb2 Bb7 13. Rfd1 Nd7 14. a4
a5 15. Rac1 Rfd8 16. Qe2 Nf6 17. h3 Ng6 18. c4 Re8 19. Nd2 Nf4 20. Qe5 Qxe5 21.
dxe5 Ne2+ 22. Kf1 Nxc1 23. Rxc1 Nd7 24. f3 Nc5 25. Bc2 Ba6 0-1

[Event "XII. DBMM Schach"]
[Site "Berlin"]
[Date "2012.10.13"]
[Round "6.3"]
[White "Hankow, Bert Juergen"]
[Black "Balija, Cerim"]
[Result "1/2-1/2"]
[WhiteElo "1856"]
[BlackElo "1576"]
[Annotator "br"]
[PlyCount "130"]
[EventDate "2012.??.??"]
[Source "FV Schach e.V."]
[SourceDate "2012.10.14"]
[WhiteTeam "Team DBMM Berlin"]
[BlackTeam "SG Stern Stuttgart II"]
[WhiteTeamCountry "GER"]
[BlackTeamCountry "GER"]

1. d4 Nf6 2. c4 c6 3. Nc3 e6 4. e4 Bb4 5. Bd3 d5 6. cxd5 exd5 7. e5 Ne4 8. Nge2
Bf5 9. O-O O-O 10. Qc2 f6 11. Nxe4 dxe4 12. Bxe4 Bxe4 13. Qxe4 fxe5 14. dxe5
Ba5 15. Be3 Nd7 16. Rad1 Qc7 17. Bf4 Qc8 18. Qc4+ Kh8 19. Bg3 Bb6 20. Kh1 Nc5
21. b4 Ne6 22. f4 Nc7 23. Nc3 Qe8 24. Ne4 Nd5 25. Nd6 Qe7 26. Rxd5 cxd5 27.
Qxd5 Rad8 28. Rd1 Bc7 29. h3 Rd7 30. Qc5 b6 31. Qc6 Rfd8 32. f5 Bxd6 33. exd6
Qe2 34. Re1 Rxd6 35. Rxe2 Rxc6 36. Re7 Rc1+ 37. Kh2 Rcd1 38. Rxa7 R1d7 39. Ra6
b5 40. Bf4 Rf7 41. g4 h6 42. Rb6 Rd5 43. Bd6 Rd7 44. Bc5 Rd2+ 45. Kg3 R7d3+ 46.
Kf4 Rxh3 47. Rxb5 Rxa2 48. Rb7 Raa3 49. Bd4 Raf3+ 50. Ke5 Rhg3 51. Ke4 Rf1 52.
Bxg7+ Kg8 53. Bxh6 Rxg4+ 54. Ke5 Re1+ 55. Kf6 Re8 56. b5 Rd8 57. Re7 Rb8 58.
Be3 Rxb5 59. Re8+ Kh7 60. Re7+ Kh8 61. Re8+ Rg8 62. Rxg8+ Kxg8 63. Kg6 Ra5 64.
f6 Ra6 65. Bd4 Rc6 1/2-1/2

[Event "XII. DBMM Schach"]
[Site "Berlin"]
[Date "2012.10.13"]
[Round "6.2"]
[White "Weihrich, Joerg"]
[Black "Cagnoli, Michele"]
[Result "1-0"]
[WhiteElo "1552"]
[BlackElo "1556"]
[Annotator "br"]
[PlyCount "64"]
[EventDate "2012.??.??"]
[Source "FV Schach e.V."]
[SourceDate "2012.10.14"]
[WhiteTeam "SV Senat Berlin IV"]
[BlackTeam "Europ. Patentamt MUC III"]
[WhiteTeamCountry "GER"]
[BlackTeamCountry "GER"]

1. e4 e6 2. d4 d5 3. e5 c5 4. Nf3 Nc6 5. Bb5 Bd7 6. O-O Nge7 7. c3 cxd4 8. Nxd4
Nxe5 9. Bf4 N7g6 10. Bg3 Bxb5 11. Nxb5 a6 12. Nd4 Bd6 13. Qe2 O-O 14. f4 Nc6
15. Nxc6 bxc6 16. f5 exf5 17. Bxd6 Qxd6 18. Rxf5 Rae8 19. Qxa6 Re1+ 20. Rf1 Qf4
21. Rxe1 Ne5 22. Nd2 Ng4 23. Nf3 Qd6 24. h3 Qc5+ 25. Nd4 Nf6 26. Qxc6 Qa7 27.
Kh1 Qb8 28. Re2 Nh5 29. Rf2 Ng3+ 30. Kg1 Qe5 31. a4 Qe3 32. Qxd5 Re8 1-0

[Event "XII. DBMM Schach"]
[Site "Berlin"]
[Date "2012.10.13"]
[Round "6.3"]
[White "Milak, Adela"]
[Black "Tschirschwitz, Stephan"]
[Result "1-0"]
[WhiteElo "1463"]
[BlackElo "1412"]
[Annotator "br"]
[PlyCount "43"]
[EventDate "2012.??.??"]
[Source "FV Schach e.V."]
[SourceDate "2012.10.14"]
[WhiteTeam "Europ. Patentamt MUC III"]
[BlackTeam "SV Senat Berlin IV"]
[WhiteTeamCountry "GER"]
[BlackTeamCountry "GER"]

1. e4 c5 2. Nf3 Nc6 3. d4 cxd4 4. Nxd4 e6 5. Nc3 a6 6. Nxc6 bxc6 7. Be2 Qc7 8.
Qd4 d6 9. O-O Nf6 10. Bg5 Be7 11. Rfe1 O-O 12. Bf3 c5 13. Qe3 Rb8 14. Rab1 e5
15. Red1 Be6 16. Be2 Bg4 17. Bxf6 Bxe2 18. Nd5 Bxd1 19. Nxc7 Bxc2 20. Bxe7 Bxb1
21. Bxf8 Rxb2 22. Qg5 1-0